LEADER 01245nam 2200361Ia 450 001 996394118103316 005 20221108083904.0 035 $a(CKB)4940000000116371 035 $a(EEBO)2248531761 035 $a(OCoLC)12039999 035 $a(EXLCZ)994940000000116371 100 $a19850515d1659 uy | 101 0 $aeng 135 $aurbn||||a|bb| 200 14$aThe pious votary and prudent traveller$b[electronic resource] $echaracterized in a farewell-sermon, occasioned by the voyage of Nathanael Wych Esq. president to the East-Indies : preached in S. Dionys Back-church, Mar. 14. 1657 /$fby Nath. Hardy .. 210 $aLondon $cPrinted by J.G. for John Clark ...$d1659 215 $a[4], 52 p 300 $aReproduction of original in Union Theological Seminary Library, New York. 330 $aeebo-0160 606 $aFarewell sermons 606 $aSermons, English$y17th century 615 0$aFarewell sermons. 615 0$aSermons, English 700 $aHardy$b Nathaniel$f1618-1670.$0821523 801 0$bEAA 801 1$bEAA 801 2$bm/c 801 2$bUMI 801 2$bWaOLN 906 $aBOOK 912 $a996394118103316 996 $aThe pious votary and prudent traveller$92301221 997 $aUNISA LEADER 02214oam 2200625 450 001 9910717220603321 005 20220708150600.0 035 $a(CKB)5470000002529873 035 $a(OCoLC)1159241127 035 $a(EXLCZ)995470000002529873 100 $a20200622j202006 ua 0 101 0 $aeng 135 $aur||||||||||| 181 $ctxt$2rdacontent 182 $cc$2rdamedia 183 $acr$2rdacarrier 200 10$aChanges in hydrology and suspended-sediment transport in the Mississippi River Basin over the past century /$fAndrew Simon [and four others] ; prepared for US Army Corps of Engineers 210 1$a[Vicksburg, Miss.] :$cUS Army Corps of Engineers, Mississippi Valley Division,$d2020. 215 $a1 online resource (xi, 283 pages) $ccolor illustrations, color maps 225 1 $aMRG&P report ;$vno. 34 300 $aAt head of title: "Mississippi River Geomorphology & Potamology (MRG & P) Program." 300 $a"Report prepared for the Mississippi River Commission"--Cover 300 $a"June 2020." 320 $aIncludes bibliographical references. 606 $aHydrology 606 $aSediment transport 606 $aSuspended sediments 606 $aHydrology$2fast 606 $aSediment transport$2fast 606 $aSuspended sediments$2fast 607 $aMississippi River 607 $aMississippi River Watershed 607 $aMississippi River$2fast 607 $aMississippi River Watershed$2fast 615 0$aHydrology. 615 0$aSediment transport. 615 0$aSuspended sediments. 615 7$aHydrology. 615 7$aSediment transport. 615 7$aSuspended sediments. 700 $aSimon$b Andrew$01389136 712 02$aUnited States.$bArmy.$bCorps of Engineers, 712 02$aMississippi River Geomorphology and Potamology Program (U.S.) 801 0$bAERDC 801 1$bAERDC 801 2$bOCLCF 801 2$bOCLCQ 801 2$bOCLCO 801 2$bOCLCQ 801 2$bOCLCO 801 2$bGPO 906 $aBOOK 912 $a9910717220603321 996 $aChanges in hydrology and suspended-sediment transport in the Mississippi River Basin over the past century$93440309 997 $aUNINA LEADER 00804nam0-2200277 --450 001 9910736594303321 005 20240718101914.0 100 $a20230829d1976----kmuy0itay5050 ba 101 0 $aita 102 $aIT 105 $a 001yy 200 1 $aStoria e ontologia$esaggi sulla teologia di Bonhoeffer$fUgo Perone 210 $aRoma$cStudium$d1976 215 $a154 p.$d17 cm 225 1 $aNuova universale Studium$v16 610 0 $aBonhoeffer, Dietrich 610 0 $aBonhoeffer, Dietrich$aTeologia 700 1$aPerone,$bUgo$0143817 801 0$aIT$bUNINA$gREICAT$2UNIMARC 901 $aBK 912 $a9910736594303321 952 $aDFT B15 PERU 01$b2023/3363$fFLFBC 952 $aDAM B10 PERU 01$b2024/6989$fFLFBC 959 $aFLFBC 996 $aStoria e ontologia$91083646 997 $aUNINA